LEADER 01241nam0 2200313 450 001 000006248 005 20060118110100.0 100 $a20060102d1998----km-y0itay50------ba 101 0 $aita 102 $aIT 105 $aa---f---001yy 200 1 $aGuida all'Italia contemporanea$e1861-1997$fdirettori Massimo Firpo, Nicola Tranfaglia, Pier Giorgio Zunino$gcoordinamento redazionale Augusto Cherchi 210 $aMilano$cGarzanti$dc1998 215 $a5 v.$d25 cm$e1 cd-rom 327 1 $a1.: Risorse e strutture economiche$a2.: Istituzioni politiche e forme di governo$a3.: Politica e società$a4.: Comportamenti sociali e cultura$a5.: Cronologia, alte cariche dello Stato, indici 610 1 $aItalia$aStoria$a1861-1997 676 $a945.084$v20 702 1$aFirpo,$bMassimo 702 1$aTranfaglia,$bNicola 702 1$aZunino,$bPier Giorgio 801 0$aIT$bUNIPARTHENOPE$c20060102$gRICA$2UNIMARC 912 $a000006248 951 $a945-G/1 [I]$b37499$cNAVA1$d2005 951 $a945-G/2 [II]$b37500$cNAVA1$d2006 951 $a945-G/3 [III]$b37501$cNAVA1$d2005 951 $a945-G/4 [IV]$b37502$cNAVA1$d2005 951 $a945-G/5 [V]$b37503$cNAVA1$d2005 996 $aGuida all'Italia contemporanea$9705729 997 $aUNIPARTHENOPE LEADER 01140nam a2200337 i 4500 001 991001134589707536 005 20020507183907.0 008 931001s1958 it ||| | ita 035 $ab10805667-39ule_inst 035 $aLE01307597$9ExL 040 $aDip.to Matematica$beng 082 0 $a515.7 084 $aAMS 39-01 084 $aAMS 39-XX 100 1 $aGini, Corrado$067725 245 13$aLe medie /$cCorrado Gini ; collab. G. Barbensi, L. Galvani, S. Gatti, E. Pizzetti 260 $aTorino :$bUTET (Unione Tipografico Editrice Torinese),$c1958 300 $axv, 511 p. ;$c25 cm. 490 0 $aSociologi ed economisti ;$v25 650 4$aFinite differences 650 4$aFunctional equations 700 1 $aBarbensi, Gustavo 700 1 $aGalvani, Luigi 700 1 $aGatti, Stefania 700 1 $aPizzetti, Ernesto 907 $a.b10805667$b23-02-17$c28-06-02 912 $a991001134589707536 945 $aLE013 39-XX GIN11 (1958)$g1$i2013000003900$lle013$o-$pE0.00$q-$rl$s- $t0$u0$v0$w0$x0$y.i10910244$z28-06-02 996 $aMedie$934231 997 $aUNISALENTO 998 $ale013$b01-01-93$cm$da $e-$fita$git $h3$i1 LEADER 01251nas 2200445-a 450 001 9910144549503321 005 20260218113035.0 035 $a(CKB)991042729573770 035 $a(CONSER)---89642929- 035 $a(DE-599)ZDB2393113-9 035 $a(DE-599)2393113-9 035 $a(EXLCZ)99991042729573770 100 $a19890404a19uu9999 --- - 101 0 $ager 181 $ctxt$2rdacontent 182 $cc$2rdamedia 183 $acr$2rdacarrier 200 10$aBericht /$fRobert Bosch Stiftung GmbH 210 $aStuttgart $cDie Stiftung 215 $a1 online resource 311 08$aPrint version: Bericht / 0723-7677 (DLC) 89642929 (OCoLC)19493786 606 $aBericht$2gnd 608 $aBericht. 608 $aPeriodicals.$2fast 608 $aZeitschrift.$2gnd 608 $aBericht.$2gnd 608 $aBericht.$2swd 610 0$aFörderung der Wissenschaften 610 0$aRobert-Bosch-Stiftung$aStuttgart 610 2$aFoundations 610 2$aGermany 610 2$aResearch Support 610 2$aSocial Responsibility 610 2$aTraining Support 615 7$aBericht. 906 $aJOURNAL 912 $a9910144549503321 920 $aexl_impl conversion 996 $aBericht$91905104 997 $aUNINA